<?xml version="1.0" encoding="UTF-8"?>
<record
    xmlns:xsi="http://www.w3.org/2001/XMLSchema-instance"
    xsi:schemaLocation="http://www.loc.gov/MARC21/slim http://www.loc.gov/standards/marcxml/schema/MARC21slim.xsd"
    xmlns="http://www.loc.gov/MARC21/slim">

  <leader>00857nam a22002057a 4500</leader>
  <controlfield tag="005">20220315145251.0</controlfield>
  <controlfield tag="008">220315b           ||||| |||| 00| 0 eng d</controlfield>
  <datafield tag="020" ind1=" " ind2=" ">
    <subfield code="a">9789386274328</subfield>
  </datafield>
  <datafield tag="040" ind1=" " ind2=" ">
    <subfield code="c">AL</subfield>
  </datafield>
  <datafield tag="041" ind1=" " ind2=" ">
    <subfield code="a">Kannada</subfield>
  </datafield>
  <datafield tag="082" ind1=" " ind2=" ">
    <subfield code="2">23</subfield>
    <subfield code="a">909K</subfield>
    <subfield code="b">ASWS</subfield>
  </datafield>
  <datafield tag="100" ind1=" " ind2=" ">
    <subfield code="a">K N Aswathappa   &#xC95;&#xCC6; &#xC8E;&#xCA8;&#xCCD; &#xC85;&#xCB6;&#xCCD;&#xCB5;&#xCA5;&#xCAA;&#xCCD;&#xCAA;</subfield>
    <subfield code="9">23734</subfield>
  </datafield>
  <datafield tag="245" ind1=" " ind2=" ">
    <subfield code="a">Samagra Prapanchada Ithihasa &#xCB8;&#xCAE;&#xC97;&#xCCD;&#xCB0; &#xCAA;&#xCCD;&#xCB0;&#xCAA;&#xC82;&#xC9A;&#xCA6; &#xC87;&#xCA4;&#xCBF;&#xCB9;&#xCBE;&#xCB8; </subfield>
    <subfield code="b">&#xC86;&#xCB0;&#xC82;&#xCAD;&#xCA6;&#xCBF;&#xC82;&#xCA6; &#xC95;&#xCCD;&#xCB0;&#xCBF; .&#xCB6;. 2015 &#xCB0;&#xCB5;&#xCB0;&#xCC6;&#xC97;&#xCC6; </subfield>
  </datafield>
  <datafield tag="260" ind1=" " ind2=" ">
    <subfield code="a">Bengaluru</subfield>
    <subfield code="b">Sapna Book House</subfield>
    <subfield code="c">2021</subfield>
  </datafield>
  <datafield tag="300" ind1=" " ind2=" ">
    <subfield code="a">1521 p.</subfield>
    <subfield code="b">HB</subfield>
    <subfield code="c">25x18.5 cm.</subfield>
  </datafield>
  <datafield tag="365" ind1=" " ind2=" ">
    <subfield code="a">6319</subfield>
    <subfield code="b">&#x20B9;880.00</subfield>
    <subfield code="c">&#x20B9;</subfield>
    <subfield code="d">&#x20B9;1100.00</subfield>
    <subfield code="e">20%</subfield>
    <subfield code="f">08-03-2022</subfield>
  </datafield>
  <datafield tag="650" ind1=" " ind2=" ">
    <subfield code="a">Samagra Prapanchada Ithihasa &#xCB8;&#xCAE;&#xC97;&#xCCD;&#xCB0; &#xCAA;&#xCCD;&#xCB0;&#xCAA;&#xC82;&#xC9A;&#xCA6; &#xC87;&#xCA4;&#xCBF;&#xCB9;&#xCBE;&#xCB8; </subfield>
    <subfield code="9">23735</subfield>
  </datafield>
  <datafield tag="700" ind1=" " ind2=" ">
    <subfield code="a">&#xC85;&#xCB6;&#xCCD;&#xCB5;&#xCA5;&#xCAA;&#xCCD;&#xCAA; (&#xC95;&#xCC6; &#xC8E;&#xCA8;&#xCCD; )</subfield>
    <subfield code="9">23736</subfield>
  </datafield>
  <datafield tag="942" ind1=" " ind2=" ">
    <subfield code="2">ddc</subfield>
    <subfield code="c">BK</subfield>
  </datafield>
  <datafield tag="999" ind1=" " ind2=" ">
    <subfield code="c">221892</subfield>
    <subfield code="d">221892</subfield>
  </datafield>
  <datafield tag="952" ind1=" " ind2=" ">
    <subfield code="0">0</subfield>
    <subfield code="1">0</subfield>
    <subfield code="2">ddc</subfield>
    <subfield code="4">0</subfield>
    <subfield code="7">3</subfield>
    <subfield code="8">HIS</subfield>
    <subfield code="a">AL</subfield>
    <subfield code="b">AL</subfield>
    <subfield code="d">2022-03-09</subfield>
    <subfield code="e">Biblios Book Point</subfield>
    <subfield code="g">880.00</subfield>
    <subfield code="l">0</subfield>
    <subfield code="o">909K ASWS</subfield>
    <subfield code="p">075609</subfield>
    <subfield code="r">2022-03-15 00:00:00</subfield>
    <subfield code="v">1100.00</subfield>
    <subfield code="w">2022-03-15</subfield>
    <subfield code="y">BK</subfield>
  </datafield>
</record>
